000 00671nam a2200277Ia 4500
005 20260324140328.0
008 008 260324s9999 xx 000 0 eng d
020 _a9780429445736
037 _aEBOOK
040 _aCRL
040 _beng
040 _cCRL
041 _2eng
041 _aeng
084 _qCRL
100 _aCharlambos Kasimis; Apostolos G. Papadopoulos
_91203981
245 0 _aLocal Responses to Global Integration
260 _bTaylor and Francis
260 _c1999
365 _a
365 _b120
856 _uhttp://www.taylorfrancis.com/books/9780429445736
942 _cEBOOK
999 _c1805945
_d1805945